MDQL
is popping MORE tags! Check the
thread
!
Quizzes
Events
Quiz Creation
Community
Videos
Private Events
Remove Ads
Sign In
Join for FREE
Feedback
Dark Mode
Quiz Categories
Sports
Geography
Music
Movies
Television
Just For Fun
Miscellaneous
History
Literature
Language
Science
Gaming
Entertainment
Religion
Holiday
For Kids
Quiz Lab
Recent
Popular Today
Quiz Kudos Today
Editor Picks
Curator Picks
Quizzes by...
Day
Popularity
Type
Ratings
Length
Year
Community
Subscriptions
Recent Discussions
Orange Saloon
Badges
Playlists
Quests
Create
Leaderboards
Showdown
Live 5
Trivia Bingo
Activity
Puzzle Library
Sporcle Events
Private Events
Virtual Trivia
Globe League
Become a Host
Pub Owners
SporcleCon
Opinionation
Our Games
Videos
Blog
Mobile Apps
Partnerships
Remove Ads and Go Orange
Feedback
Sports
Athletes
MLB
NBA
NHL
NFL
Soccer
Sports Teams
WWE
NCAA
Football
Premier League
Basketball
Baseball
Hockey
Golf
Tennis
Cricket
Rugby
Auto Racing
Olympics
World Cup
Sports
Athletes
MLB
NBA
NHL
NFL
Soccer
Sports Teams
WWE
NCAA
Football
Premier League
Basketball
Baseball
Hockey
Golf
Tennis
Cricket
Rugby
Auto Racing
Olympics
World Cup
Random Quiz
Search Sporcle
×
Quiz Lab
Quiz Lab
Sports
Soccer
Type in answers that appear in a list
Type in answers that appear in a list
Classic
Best Score? Go Orange.
Spanish Segunda División Clubs All-time Stats
Can you name the teams in Segunda División (Spanish League)?
By
arkaithz
12m
165 Questions
920 Plays
920 Plays
920 Plays
Comments
Comments
Give Quiz Kudos
Give Quiz Kudos
-
- Ratings
hide this ad
More Info
Replay
Link that replays current quiz
Next Quiz
Link to next quiz in quiz playlist
You Got
0%
They Got
Avg Score
56%
Avg Friend Score
Upgrade to see
Score Distribution
Jump to the score distribution portion of the page
Score
0/165
Timer
12:00
2
Plays Today
Seasons
Team
% Correct
40
RC Deportivo de La Coruña
95.1%
13
Sevilla FC
94%
5
Sevilla Atlético
94%
21
Valencia CF Mestalla
93.9%
4
Valencia CF
93.4%
32
RC Celta de Vigo
92.8%
6
Club Getafe Deportivo
92.1%
7
Getafe CF
92.1%
28
Real Betis Balompié
92%
36
RCD Mallorca
91.4%
1
RCD Mallorca 'B'
91.2%
16
Real Sociedad
91.1%
10
Villarreal CF
91.1%
2
Real Sociedad 'B'
91.1%
3
Villarreal CF 'B'
91.1%
1
UCAM Murcia
90.9%
42
CD Tenerife
90.3%
31
CD Màlaga
90.3%
3
Málaga CF
90.3%
3
Málaga CF 'B'
90.3%
46
Real Sporting de Gijón
90.1%
34
Real Racing Club de Santander
89.8%
29
UD Las Palmas
89.8%
21
Real Zaragoza
89.8%
23
FC Barcelona 'B'
89.6%
6
Club Atlético de Madrid
89.5%
36
Real Oviedo
89.3%
11
Club Atlético de Madrid 'B'
89.2%
36
Rayo Vallecano
89%
1
Universidad de Las Palmas CF
89%
53
Real Murcia CF
88.6%
1
Real Murcia Imperial
88.5%
37
CA Osasuna
87.1%
1
Deportivo Aragón
86.8%
4
RCD Espanyol
86.7%
33
Granada CF
86.6%
5
Granada 74 CF
86.6%
37
Deportivo Alavés
86.5%
35
Real Valladolid CF
85.4%
2
Elche CF Ilicitano
85.2%
40
Cádiz CF
85%
38
Elche CF
85%
21
Club Gimnàstic de Tarragona
84.5%
2
FC Levante
84.2%
38
Levante UD
84.1%
26
SD Eibar
84%
21
Girona FC
83.8%
12
UD Almería
83.8%
2
AD Almería
83.8%
2
Club Atlético Almería
83.7%
22
Albacete Balompié
83.2%
38
RC Recreativo de Huelva
82.4%
33
Real Madrid Castilla CF
82.4%
33
Córdoba CF
81.4%
9
RCD Córdoba
81.4%
Seasons
Team
% Correct
20
CD Numancia
80.9%
14
Bilbao Athletic
80.3%
8
SD Huesca
80%
13
CD Leganés
79.9%
3
UD Huesca
79.9%
43
Hércules CF
78.2%
34
UD Salamanca
78.2%
13
CF Extremadura
75.4%
3
Sociedad Gimnástica Lucense
74.8%
7
CD Lugo
74.6%
40
CD Castellón
73.7%
25
Xerez CD
73.5%
8
Xerez FC
73.5%
24
UE Lleida
73%
18
CD Logroñés
73%
4
Real Burgos CF
72.9%
18
Burgos CF
72.7%
16
Real Jaén CF
72.3%
20
CD Badajoz
70.7%
8
AD Alcorcón
69.1%
7
CD Toledo
68.5%
43
CE Sabadell FC
68%
7
CP Mérida
67.8%
15
Cultural y Deportiva Leonesa
67.7%
7
SD Compostela
67.6%
10
Real Unión Club
65.2%
6
SD Ponferradina
64.1%
9
Pontevedra CF
63.5%
15
Cartagena FC
60.2%
3
FC Cartagena
60.2%
5
CD Mirandés
58.4%
13
CD Ourense
57.8%
11
Club Atlético de Ceuta
57.6%
7
SD Ceuta
57.6%
1
AD Ceuta
57.6%
5
Alicante CF
57.5%
34
Racing Club de Ferrol
56.5%
2
CD Guadalajara
56.2%
4
Melilla CF
56%
4
UD Melilla
56%
6
Arenas Club de Getxo
53.7%
2
Real Gimnástico CF
53.6%
2
CF Reus deportiu
52.4%
12
CD Alcoyano
51.2%
1
CP Cacereño
51.1%
1
Unión Sporting Vigo
51.1%
5
CE Europa
48%
4
Palencia CF
46.8%
30
Barakaldo CF
46.2%
13
Real Avilés CF
46%
2
Lorca Deportiva CF
45.9%
1
CF Lorca Deportiva
45.9%
3
CE L'Hospitalet
44.9%
7
Club Polideportivo Ejido
44.8%
1
Lorca FC
44.1%
Seasons
Team
% Correct
4
Club Atlético Marbella
44%
8
RS Gimnástica de Torrelavega
41%
14
CF Badalona
40.7%
4
CD Atlético Baleares
40.1%
6
Club Atlético Tetuán
38.3%
15
Terrassa FC
38%
2
UE Llagostera
37.3%
17
Sestao SC
35.2%
2
CD Nacional de Madrid
33.9%
1
UD Vecindario
33.3%
9
Algeciras CF
32.8%
1
Racing Club de Madrid
32%
5
Linares CF
31.5%
7
UE Figueres
31.2%
10
CD Condal
30.9%
1
Jerez Industrial CF
29.5%
11
UE Sant Andreu
26%
6
Real Balompédica Linense
25.9%
6
Palamós CF
25.3%
8
UP Langreo
23.9%
2
Écija Balompié
22.2%
3
UD Orensana
22.1%
11
CD Puertollano
21.4%
5
CD Eldense
20.4%
10
CD San Fernando
20.3%
2
Orihuela Deportiva CF
18.2%
5
Ontinyent CF
16.7%
3
UD España de Tánger
16.6%
1
EHA Tánger
16.6%
1
CF Jovent Mollerussa
15.5%
1
UD Alzira
15.2%
13
SD Indautxu
12.7%
11
CD Constancia
12%
2
CE Júpiter
11.5%
1
CD Logroño
11.3%
7
Caudal Deportivo de Mieres
10.8%
1
EC Granollers
10.3%
1
Arosa SC
10.1%
1
CD Villarrobledo
10%
1
CD Ensidesa
9.8%
1
Burjassot CF
8.9%
1
CD Juvenil
8.8%
3
Iberia SC
8.6%
2
SD Erandio
8.5%
6
CD Basconia
8.3%
1
CD Colonia Moscardó
7.9%
1
Puente Genil CF
7.5%
5
CP La Felguera
7.4%
2
Abarán CD
6.8%
3
AD Ferroviaria
6.7%
1
SD Escoriaza
6.5%
1
RD Oriamendi
6.3%
1
Cataluña FC
5.7%
1
Sport Club de La Plana
5.3%
1
Imperio CF
5.1%
Quiz Playlist
Details
Report
Send in Message
Add To Playlist
More Info:
Can you name the clubs in the Spanish Segunda Division since its inception? Quiz updated until the 2018-2019 season (included).
Classic:
Type in answers that appear in a list
Last Updated: Oct 16, 2019
Quiz Scoreboard
CHALLENGE
Sign Up to Join the Scoreboard
Show All
Scores
Hide
Comments
May contain spoilers
Recently Published
Street Fighter Characters
by Artimus82
Gaming
60s
9x9 Crossword: Cartoon Network
by jackfrog10
Miscellaneous
3m
College Basketball Coaching Resumes
by pancakes188
Sports
9m
More to Explore
Quiz From the Vault
Featured Blog Post
Where Did the Easter Bunny Come From?
hide this ad
You Might Also Like...
Tags
Soccer Quiz
Spanish Quiz
Football Clubs
liga
Liga Adelante
Liga BBVA
Today's Top Quizzes in Sports
Browse Sports
hide this ad
Today's Top Quizzes in Soccer
Browse Soccer
Top Contributed Quizzes in Sports
1
2022 World Cup Stars
2
Les meilleurs buteurs des matchs entre le PSG et l’OM
3
FIFA Club World Cup Champions
4
Les entraîneurs de l'OM et du PSG au 21e siècle
5
Criteria MLB: Left Handed Sluggers
6
2023 MLB Unique Player Accomplishments
7
AFC Teams Reveal (Wrong Answers Minefield)
8
5-to-1: FBS Animal Nicknames
9
Players with Multiple 50 Home Run Seasons
10
5-to-1: UK Sports Teams
Explore More
Trending Topics
Anime
Marvel
Disney
Kpop
Crossword
NBA
Harry Potter
Soccer
WWE
The Office
Song
NFL
Pokémon
Puzzle
Country
hide this ad
More By:
arkaithz
Quiz
Plays
Rating
Category
Featured
Created
UEFA Champions League Semifinalists (1994-)
306,846
4.74
Sports
Nov 7, 2011
UEFA Europa League Semifinalists since 1990
22,600
4.81
Sports
Nov 8, 2011
Coppa Italia Semifinalists (Italian FA Cup)
10,143
4.78
Sports
Nov 22, 2011
Copa del Rey Semifinalists (Spanish Cup)
9,908
4.55
Sports
Nov 8, 2011
UEFA Cup Winner's Cup Semifinalists (all-time)
5,879
4.43
Sports
Apr 22, 2020
Go to Creator's Profile
Score Distribution
Quiz Creator Spotlight
arkaithz
Follow
Send a Message
Quizzes Created
-
Created Quiz Play Count
-
More By This Creator
Popular Quizzes Today
1
Find the US States - No Outlines Minefield
2
Find the Countries of Europe - No Outlines Minefield
3
The Countries of the World
4
Find the US States
5
Risky Map Clicking: Biggest States A-Z
6
US States
7
Popular People in 1961
8
Movies - When Are They Set?
More Sports Quizzes
Albatross, Eagle, Birdie, and Bogey Blitz
Published
Trending Quizzes
Risky Map Clicking: Least Populous States A-Z
Countries of the World: 200 Million BC
Billboard Blitz: Aretha Franklin
1-10 Letter G Words
Famous Russians: Author or Composer?
Recently Updated
Leaping Animals
pecheneg
Reality TV Shows (A-Z)
bhenderson79
Rickey Henderson's Hall of Fame Teammates
pecheneg
Champions League XIs: Arsenal
pecheneg
Quick Pick: Celebrities in WWE's Hall of Fame
aduchscher
A-Z Keypad Blitz II
pecheneg
Multiple Oscar Actors
pecheneg
Mystery Phrase Blitz: Oscar 'Best Actors'
pecheneg
F. Scott Fitzgerald Novels
LTH
Pick 3 Villains
ddd62291
Trending Topics
Kpop
Disney
Crossword
NBA
Harry Potter
Anime
Marvel
Soccer
Puzzle
Pokémon
WWE
Country
NFL
The Office
Song
Your Account Isn't Verified!
In order to create a playlist on Sporcle, you need to verify the email address you used during registration. Go to your
Sporcle Settings
to finish the process.
Report this User
Report this user for behavior that violates our
Community Guidelines
.
Details:
Send Report
Go to the Sporcle.com Mobile Site →
Comments